Les 20 villes les plus peuplées de la Drôme sur une carte - Statistiques

Statistiques générales
  • Ce quiz a été pris 142 fois
  • Le résultat moyen est 11 sur 20
Réponses sur la Carte
Les réponses sont colorées sur une échelle allant du rouge au vert en fonction du pourcentage des utilisateurs qui les ont devinées à leur premier essai. Vous pouvez retrouver ces pourcentages ci-dessous.
 
Statistiques - réponses
Population Ville % Correct
64 288 Valence
99%
40 356 Montélimar
97%
33 139 Romans-sur-Isère
91%
19 872 Bourg-lès-Valence
79%
4 796 Die
78%
8 712 Crest
69%
6 794 Nyons
63%
10 369 Portes-lès-Valence
61%
13 909 Pierrelatte
58%
5 890 Tain-l'Hermitage
57%
9 777 Bourg-de-Péage
55%
6 584 Loriol-sur-Drôme
53%
9 272 Livron-sur-Drôme
50%
6 860 Chabeuil
44%
6 214 Saint-Marcel-lès-Valence
39%
6 947 Saint-Rambert-d'Albon
34%
8 776 Saint-Paul-Trois-Châteaux
33%
5 497 Étoile-sur-Rhône
30%
5 981 Donzère
26%
6 375 Chatuzange-le-Goubet
24%
Aucun quiz correspondant
Distribution des résultats
% des personnes avec chaque résultat
Percentile par nombre de réponses
Votre historique - résultats
Vous n’avez pas pris ce quiz